La Grèce et son héritage

Wedi'i Gadw mewn:
Manylion Llyfryddiaeth
Prif Awdur: Hatzfeld, Jean (Awdur)
Fformat: Llyfr
Iaith:Ffrangeg
Cyhoeddwyd: París, Francia Aubier 1945
Cyfres:Les Grandes Crises de L'Histoire
Pynciau:
Tagiau: Ychwanegu Tag
Dim Tagiau, Byddwch y cyntaf i dagio'r cofnod hwn!

MARC

LEADER 00000nam a2200000 a 4500
001 UCP9751
003 CL-VaPUC
005 20220107074145.0
008 000331e19450000FR |||||||||||||||||fre|d
999 |c 286537  |d 286535 
040 |c Pontificia Universidad Católica de Valparaíso 
082 0 4 |a 938.08 HAT 1945  |2 21 
100 |a Hatzfeld, Jean  |e author  |9 440534 
245 1 3 |a La Grèce et son héritage 
260 |a París, Francia  |b Aubier  |c 1945 
300 |a 294 páginas 
490 0 |a Les Grandes Crises de L'Histoire 
583 |a last modification  |c 20180417 03:24:25  |k Rodrigo Vera 
650 0 |a Historia antigua  |z GRECIA  |9 267521 
650 0 |a Civilización griega  |9 265578 
650 0 |a Helenismo  |9 267485 
650 0 |a Democracia  |z GRECIA  |9 255256 
650 0 |a Ciudades  |z GRECIA  |9 265474 
651 7 |a ATENAS  |2 CL-VaPUC  |9 323854 
942 |c BK  |2 ddc 
945 |d 20000331 00:00:00  |a rherrera 
952 |0 0  |1 0  |2 ddc  |4 0  |6 938_080000000000000_HAT_1945  |7 0  |8 X  |9 332524  |a BIBHIS  |b BIBHIS  |d 2019-11-20  |i 1261584  |o 938.08 HAT 1945  |p 1261584  |r 2024-01-30  |t 1  |w 2019-11-20  |y BK_X  |k HIS